Statistics for Melanesia Flag Quiz

Click here to take the quiz!

General Stats

  • This quiz has been taken 27 times
  • The average score is 4 of 5

Answer Stats

Answer% Correct
Solomon Islands
91%
Vanuatu
87%
Fiji
83%
Papua New Guinea
83%
New Caledonia
70%

Score Distribution

Percentile by Number Answered

Percent of People with Each Score

Your Score History

You have not taken this quiz